MARC details
| 000 -LEADER |
| fixed length control field |
04995cam a2200385 i 4500 |
| 001 - CONTROL NUMBER |
| control field |
1011175969 |
| 003 - CONTROL NUMBER IDENTIFIER |
| control field |
OCoLC |
| 005 - DATE AND TIME OF LATEST TRANSACTION |
| control field |
20241126110709.0 |
| 008 - FIXED-LENGTH DATA ELEMENTS--GENERAL INFORMATION |
| fixed length control field |
180312t20182018ilu b 001 0 eng |
| 010 ## - |
| -- |
2018011458 |
| 020 ## - INTERNATIONAL STANDARD BOOK NUMBER |
| International Standard Book Number |
9780830852000 |
| 020 ## - INTERNATIONAL STANDARD BOOK NUMBER |
| International Standard Book Number |
083085200X |
| 035 ## - SYSTEM CONTROL NUMBER |
| System control number |
(OCoLC)1011175969 |
| 040 ## - CATALOGING SOURCE |
| Original cataloging agency |
DLC |
| Language of cataloging |
eng |
| Description conventions |
rda |
| Transcribing agency |
DLC |
| Modifying agency |
KTS |
| -- |
OCLCQ |
| -- |
YDX |
| -- |
OCLCO |
| -- |
OCLCQ |
| -- |
WIO |
| -- |
CNTCS |
| -- |
OCLCF |
| -- |
IHT |
| -- |
VVN |
| -- |
OCLCA |
| -- |
BYV |
| 042 ## - |
| -- |
pcc |
| 050 00 - |
| -- |
BS658 |
| -- |
.L66 2018 |
| 082 ## - DEWEY DECIMAL CLASSIFICATION NUMBER |
| Classification number |
222.1106 |
| Item number |
LON |
| 100 1# - MAIN ENTRY--PERSONAL NAME |
| Personal name |
Longman, Tremper, |
| Titles and words associated with a name |
III, |
| Relator term |
author |
| 9 (RLIN) |
14462 |
| 245 14 - TITLE STATEMENT |
| Title |
The lost world of the flood : |
| Remainder of title |
mythology, theology, and the deluge debate / |
| Statement of responsibility, etc. |
Tremper Longman III & John H. Walton ; with a contribution by Stephen O. Moshier |
| 264 #1 - PRODUCTION, PUBLICATION, DISTRIBUTION, MANUFACTURE, AND COPYRIGHT NOTICE |
| Place of production, publication, distribution, manufacture |
Downers Grove, Illinois : |
| Name of producer, publisher, distributor, manufacturer |
IVP Academic, an imprint of InterVarsity Press, |
| Date of production, publication, distribution, manufacture, or copyright notice |
[2018] |
| 264 #4 - PRODUCTION, PUBLICATION, DISTRIBUTION, MANUFACTURE, AND COPYRIGHT NOTICE |
| Date of production, publication, distribution, manufacture, or copyright notice |
℗♭2018 |
| 300 ## - PHYSICAL DESCRIPTION |
| Extent |
x, 189 pages ; |
| Dimensions |
21 cm |
| 336 ## - CONTENT TYPE |
| Content type term |
text |
| Content type code |
txt |
| Source |
rdacontent |
| 337 ## - MEDIA TYPE |
| Media type term |
unmediated |
| Media type code |
n |
| Source |
rdamedia |
| 338 ## - CARRIER TYPE |
| Carrier type term |
volume |
| Carrier type code |
nc |
| Source |
rdacarrier |
| 504 ## - BIBLIOGRAPHY, ETC. NOTE |
| Bibliography, etc. note |
Includes bibliographical references and indexes |
| 505 0# - FORMATTED CONTENTS NOTE |
| Formatted contents note |
Part I: Method: Perspectives on Interpretation. Proposition 1: Genesis Is an Ancient Document; Proposition 2: Genesis 1-11 Makes Claims About Real Events in a Real Past ; Proposition 3: Genesis Uses Rhetorical Devices; Proposition 4: The Bible Uses Hyperbole to Describe Historical Events; Proposition 5: Genesis Appropriately Presents a Hyperbolic Account of the Flood; Proposition 6: Genesis Depicts the Flood as a Global Event -- Part II: Background: Ancient Near Eastern Texts. Proposition 7: Ancient Mesopotamia Also Has Stories of a Worldwide Flood; Proposition 8: The Biblical Flood Story Shares Similarities and Differences with Ancient Near Eastern Flood Accounts -- Part III: Text: Understanding the Biblical Text Literarily and Theologically. Proposition 9: A Local Cataclysmic Flood Is Intentionally Described as a Global Flood for Rhetorical Purposes; Proposition 10: The Flood Account Is Part of a Sequence of Sin and Judgment Serving as Backstory for the Covenant; Proposition 11: The Theological History Is Focused on the Issue of Divine Presence, the Establishment of Order, and How Order Is Undermined; Proposition 12: The zSons of Gody Episode Is Not Only a Prelude to the Flood; It Is the Narrative Sequel to Cain and Abel; Proposition 13: The Tower of Babel (Genesis 11:1-9) Is an Appropriate Conclusion to the Primeval Narrative -- Part IV: The World: Thinking About Evidence for the Flood. Proposition 14: The Flood Story Has a Real Event Behind It; Proposition 15: Geology Does Not Support a Worldwide Flood (Steve Moshier); Proposition 16: Flood Stories from Around the World Do Not Prove a Worldwide Flood; Proposition 17: zScience Can Purify Our Religion; Religion Can Purify Science from Idolatry and False Absolutesy |
| 520 ## - SUMMARY, ETC. |
| Summary, etc. |
The flood continued forty days on the earth; and the waters increased, and bore up the ark, and it rose high above the earth . . . and the ark floated on the face of the waters" (Gen 6:17-18 NRSV). In our modern age the Genesis flood account has been probed and analyzed for answers to scientific, apologetic, and historical questions. It is a text that has called forth flood geology, fueled searches for remnants of the ark on Mount Ararat, and inspired a full-size replica of Noah's ark in a biblical theme park. Some claim that the very veracity of Scripture hinges on a particular reading of the flood narrative. But do we understand what we are reading? Longman and Walton urge us to hit the pause button and ask, what might the biblical author have been saying to his ancient audience? The answer to our quest to rediscover the biblical flood requires that we set aside our own cultural and interpretive assumptions and visit the distant world of the ancient Near East. Responsible interpretation calls for the patient examination of the text within its ancient context of language, literature, and thought structures. And as we return from that lost world to our own, we will need to ask whether geological science supports the notion of flood geology. The story of Noah and the flood will continue to invite questions and explorations. But to read Longman and Walton is put our feet on firmer interpretive ground. Without attempting to answer all of our questions, they lift the fog of modernity and allow the sunlight to reveal the true contours of the text. As with other books in the Lost World series, The Lost World of the Flood is an informative and enlightening journey toward a more responsible reading of a timeless biblical narrative |
| 630 00 - SUBJECT ADDED ENTRY--UNIFORM TITLE |
| Uniform title |
Bible. |
| Name of part/section of a work |
Genesis, I-XI |
| General subdivision |
Criticism, interpretation, etc |
| 9 (RLIN) |
3372 |
| 650 #0 - SUBJECT ADDED ENTRY--TOPICAL TERM |
| Topical term or geographic name entry element |
Deluge |
| 9 (RLIN) |
2455 |
| 700 1# - ADDED ENTRY--PERSONAL NAME |
| Personal name |
Walton, John H., |
| Dates associated with a name |
1952- |
| Relator term |
author |
| 9 (RLIN) |
1492 |
| 700 1# - ADDED ENTRY--PERSONAL NAME |
| Personal name |
Moshier, Stephen O., |
| Dates associated with a name |
1955- |
| Relator term |
contributor |
| 9 (RLIN) |
16233 |
| 776 08 - ADDITIONAL PHYSICAL FORM ENTRY |
| Relationship information |
Online version: |
| Main entry heading |
Longman, Tremper. |
| Title |
Lost world of the flood. |
| Place, publisher, and date of publication |
Downers Grove : InterVarsity Press, 2018 |
| International Standard Book Number |
9780830887828 |
| Record control number |
(DLC) 2018012610 |
| 942 ## - ADDED ENTRY ELEMENTS (KOHA) |
| Source of classification or shelving scheme |
Dewey Decimal Classification |
| Koha item type |
Books |
| Koha issues (borrowed), all copies |
6 |